|
|
|
|
| LEADER |
00848nam a2200217 a 4500 |
| 001 |
13103389 |
| 008 |
090826s2004 nyua b 001 0 eng d |
| 010 |
|
|
|a 2003042981
|
| 020 |
|
|
|a 0195128958 (cloth : acid-free paper)
|
| 040 |
|
|
|a DLC
|c DLC
|d DLC
|
| 082 |
0 |
0 |
|a 519.3
|2 21
|
| 100 |
1 |
|
|a Osborne, Martin J.
|
| 245 |
1 |
3 |
|a An introduction to game theory /
|c Martin J. Osborne.
|
| 260 |
|
|
|a New York :
|b Oxford University Press,
|c c2004.
|
| 300 |
|
|
|a xvii, 533 p. :
|b ill. ;
|c 25 cm..
|
| 504 |
|
|
|a Includes bibliographical references (p. 507-524) and index.
|
| 541 |
1 |
|
|e 00014578
|
| 650 |
|
0 |
|a Game theory.
|
| 852 |
4 |
|
|a Ayesha Abed Library
|j General Shelf.
|
| 999 |
|
|
|c 3561
|d 3561
|
| 952 |
|
|
|0 0
|1 0
|2 ddc
|4 0
|6 519_300000000000000_OSB_2004
|7 0
|9 3233
|a BRACUL
|b BRACUL
|c GEN
|d 2009-09-02
|l 15
|m 92
|o 519.3 OSB
|p 3010014578
|q 2022-08-14
|r 2019-10-10
|s 2019-10-10
|t 1
|w 2009-09-02
|y BK
|